000 00442nam a2200169Ia 4500
008 210210b1985 xxu||||| |||| 00| 0 eng d
082 _a327 MORP
100 _aMORGENTHAU (Hans J)
245 _aPolitics among nations.
250 _a
260 _aND
_bKalyani Publishers
_c1985
300 _axiv,688
650 _aInternational relations theory
690 _aInternational Relations
700 _aTHOMPSON (Kenneth W).
906 _a045326
999 _c94725
_d94725